000 01937cam a22004334i 4500
003 PE-LiUPU
005 20250731183402.0
008 170814s2014 sp a rb 000 0 spa d
020 _a8416113548
020 _a9788416113545
035 _a(Sirsi) a238249
040 _aPE-LiUPU
_bspa
_cPE-LiUPU
_erda
049 _aPRUA
082 0 4 _a720.76
_bB24
_221
100 1 _aBarberá Pastor, Carlos,
_eautor.
245 1 0 _aEjercicios de arquitectura y composición /
_cCarlos Barberá Pastor, José Parra Martínez, Ana Gilsanz Díaz.
264 1 _aSan Vicente [del Raspeig] :
_bEditorial Club Universitario,
_c2014.
300 _a95 páginas :
_bilustraciones ;
_c25 centimetros
336 _atext
_2rdacontent
337 _aunmediated
_2rdamedia
338 _avolume
_2rdacarrier
504 _aBibliografía : páginas al final de cada capítulo.
505 0 _aSupersurface -- Reflesiones sobre la casa Eames -- Prouvé: viviendad prefabricada en Nancy -- Percepción y experiencia sensorial -- Privacidad y publicidad -- Pina-wenders: a través de la danza, el espacio como lugar -- La casa del futuro.
526 _aP158
526 _aP146
526 _aP17
526 _aP12
526 _aP06
650 7 _aArquitectura
_xComposición.
_2embne
700 _aGilsanz Díaz, Ana,
_eautor.
700 1 _aParra Martínez, José,
_eautor.
910 _ajck
_bjvq
_cjpc
_d20170814
942 _2ddc
_cBOOK
949 _a720.76 B24
_wDEWEY
_c1
_i76322
_lCATALOGING
_mBUL
_p20.00
_r0
_sY
_tBOOK
_u2017-08-14
_xINGENIERIA
_PP06
_0COMPRA
_o.STAFF. Colección Ingeniería y Arquitectura
994 _aC0
_bPEPRU
596 _a1
999 _a720.76 B24
_wDEWEY
_c24951
_i76322
_f2021-11-9
_g4
_lCCODEBUL1
_mBUL
_p20.00
_r0
_sY
_tBOOK
_u2017-8-14
_xINGENIERIA
_PP06
_0COMPRA
_o.STAFF. Colección Ingeniería y Arquitectura
_d24951
980 _81
_gALBERTO SANCHEZ Responsable de Automatización